Vývojové trendy v rekreačním cestovnom ruchu

Cestovný ruch svojou podstatou reaguje na dynamiku rozvoja spoločnosti, v ktorej sa odrážajú meniace sa potreby ľudí spájané s oddychom, rekreáciou, pohybom, regeneráciou, cestovaním. Tieto potreby sa uspokojujú prostredníctvom aktivít rekreačného cestovného ruchu. Identifikácia trendov vývoja rekre...

Descrizione completa

Salvato in:
Dettagli Bibliografici
Autore principale: Eliašová, Darina
Natura: Capitolo di libro
Lingua:slovacco
Soggetti:
Tags: Aggiungi Tag
Nessun Tag, puoi essere il primo ad aggiungerne!!

MARC

LEADER 00000naa a2200000 4500
001 0208175
005 20231127124621.7
041 0 |a slo 
044 |a CZ 
245 1 0 |a Vývojové trendy v rekreačním cestovnom ruchu  |c Darina Eliašová 
520 |a Cestovný ruch svojou podstatou reaguje na dynamiku rozvoja spoločnosti, v ktorej sa odrážajú meniace sa potreby ľudí spájané s oddychom, rekreáciou, pohybom, regeneráciou, cestovaním. Tieto potreby sa uspokojujú prostredníctvom aktivít rekreačného cestovného ruchu. Identifikácia trendov vývoja rekreačného cestovného ruchu so zameraním na rekreačné kúpeľníctvo. 
610 2 0 |a kúpele 
610 2 0 |a kúpeľníctvo 
610 2 0 |a rekreácia 
610 2 0 |a ruch cestovný 
100 1 |a Eliašová, Darina